Statistics for Back to the Future 1 Quiz

Click here to take the quiz!

General Stats

  • This quiz has been taken 84 times
  • The average score is 9 of 15

Answer Stats

Questions Answer % Correct
What was the name of Marty's girlfriend?Jennifer
96%
What was Biff's last name?Tannen
86%
What was the name of Doc Browns dog in 1985?Einstein
86%
Was there two different actresses who played Jennifer?Yes
83%
What does Marty ride to School?Skateboard
76%
How fast did the Delorean have to go to time travel?88 mph
74%
Who played Marty McFly?Michael J Fox
67%
Who was Biff's high school crush?Lorraine
63%
Was the name accidentally changed in a later part of the movie?Yes
62%
Who played Emmet Brown?Christopher Lloyd
59%
What was the mall called?Twin pines mall
41%
What brand of car is Biff waxing at the end of the movie?BMW
26%
What was Marty wearing when he crashed in to the barn?Radiation suit
25%
Who came to kill Doc at the mall?The Libyans
16%
What happened to the Brown mansion?It burnt down
1%

Score Distribution

Percentile by Number Answered

Percent of People with Each Score

Your Score History

You have not taken this quiz